Loading...
| Literature - World | 0 | 10 | 0 | 0 | 100 | 39 | 71.40 | 7 | 9 | 40.61 | 71.53 |
| Literature - European | 0 | 7 | 0 | 1 | 70 | 26 | 69.57 | 4 | 5 | 28.46 | 52.22 |
| Literature - American | 0 | 7 | 1 | 0 | 65 | 27 | 76.14 | 2 | 5 | 26.48 | 43.89 |
| Fine Arts - Classical Music | 0 | 6 | 0 | 1 | 60 | 34 | 82.00 | 2 | 6 | 16.28 | 45.56 |
| Literature - British | 0 | 5 | 1 | 0 | 45 | 36 | 49.20 | 4 | 4 | 26.77 | 36.94 |
| Fine Arts - Painting and Sculpture | 0 | 4 | 0 | 1 | 40 | 69 | 84.50 | 2 | 2 | 11.12 | 24.77 |
| Fine Arts - Other | 0 | 4 | 0 | 0 | 40 | 43 | 95.00 | 2 | 2 | 8.92 | 23.80 |
| Philosophy | 0 | 4 | 0 | 0 | 40 | 52 | 66.00 | 1 | 4 | 15.10 | 24.31 |
| Mythology | 0 | 3 | 1 | 1 | 25 | 35 | 54.00 | 2 | 3 | 14.79 | 22.92 |
| Religion | 0 | 2 | 1 | 0 | 15 | 38 | 53.00 | 2 | 2 | 9.77 | 16.67 |
| Social Science | 0 | 1 | 1 | 0 | 5 | 65 | 65.00 | 0 | 0 | 3.22 | 4.17 |
| Other Academic | 0 | 0 | 1 | 0 | -5 | 0.00 | 0 | 0 | 0.00 | 0.00 |